Ežo Vlkolinský

Bibliographic Details
Main Authors: Hviezdoslav, Pavol Országh, 1849-1921 (Author), Belák, Blažej, 1938- (Author)
Other Authors: Lupták, Oto, 1935- (Illustrator)
Format: Book
Language:Slovak
PhysicalDescription:102 s. ilustrácie 22 cm
Published: Bratislava Mladé letá 1980
Edition:1. vyd.
Subjects:

MARC

LEADER 00000cam a2200000 a 4500
001 vtls001100399
003 SK-MaSNL
005 20260301220122.0
008 240226s1980 xo a cr 010 j slo
015 |a SNBA1981 
020 |q (viazané) 
035 |a SNK000043241 
035 |a F46F1AF4-325B-4954-A715-FEF2E134B861 
035 |a urn:nbn:sk:snk-am00if1w 
040 |a SNK  |b slo  |c SNK  |e AACR2 
041 0 |a slo 
044 |a xo  |c SK 
072 7 |a 82  |x Literatúra. Literárny život  |2 konspekt 
080 |a 82=025  |2 2011 
080 |a 821.162.4-3  |2 2011 
100 1 |a Hviezdoslav, Pavol Országh,  |d 1849-1921  |4 aut  |9 92721 
245 1 0 |a Ežo Vlkolinský  |c Pavol Országh Hviezdoslav, epickú báseň P. O. Hviezdoslava do prózy upravil Blažej Belák ; ilustroval Oto Lupták 
250 |a 1. vyd. 
260 |a Bratislava  |b Mladé letá  |c 1980  |e Banská Bystrica  |f Tlačiarne SNP 
300 |a 102 s.  |b ilustrácie  |c 22 cm 
366 |e 7000 výtl. 
500 |a Ilustr. na front. Slovník zriedkavých a cudzích výrazov 
521 8 |a Pre čitateľov od 13 rokov 
650 0 7 |a literárne adaptácie  |2 SNKPH  |9 1426 
650 0 7 |a Literary adaptations  |2 SNKPHeng  |9 151106 
655 7 |a slovenské prózy  |2 SNKPH  |9 70229 
655 7 |a Slovak prose  |2 SNKPHeng  |9 278617 
700 1 |a Belák, Blažej,  |d 1938-  |4 aut  |9 15529 
700 1 |a Lupták, Oto,  |d 1935-  |4 ill  |9 98970 
852 |a Slovenská národná knižnica 
954 |a beletria pôvodná (slovenská) 
958 |a OND 
958 |a LX 
958 |a DB 
958 |a TL 
958 |a EUIPO 
999 |c 930683  |d 932613 
952 |a SNK  |b SNK  |y VYP  |7 0  |p 17A0951328  |o snkSC 51214 D1  |i snkKSP 1047/81  |0 0  |1 0  |4 0  |d 1998-05-26  |l 0  |r 2004-12-31 00:00:00  |w 2026-02-24 
952 |a SNK  |b SNK  |y PREZ  |7 0  |p 17A0849332  |o snkSC 51214  |i snkKSP 1046/81  |z venovanie autora B. Beláka  |0 0  |1 0  |4 0  |d 2012-08-01  |f 1  |l 0  |r 2025-11-04 00:00:00  |w 2026-02-24 
952 |a SNKLM  |b SNKLM  |y NEVYP  |7 0  |o snklmMK 2437  |i snklm133/81  |8 3  |0 0  |1 0  |4 0  |d 2005-11-18  |l 0  |r 2026-02-24 08:47:07  |w 2026-02-24